[Event "Moscow-ch 1/2 final"]
[Site "Moscow"]
[Date "2002.??.??"]
[Round "3"]
[White "Mitenkov, Alexey"]
[Black "Kachar, Vladimir"]
[Result "1-0"]
[WhiteElo "2428"]
[BlackElo "2303"]
[PlyCount "85"]
[EventDate "2002.03.??"]
[EventType "swiss"]
[EventRounds "11"]
[EventCountry "RUS"]
[SourceTitle "EXT 2003"]
[Source "ChessBase"]
[SourceDate "2002.11.25"]
[SourceVersion "1"]
[SourceVersionDate "2002.11.25"]
[SourceQuality "1"]

1. d4 d5 2. Nf3 c6 3. Bf4 Bf5 4. e3 Qb6 5. Qc1 Nd7 6. c4 e6 7. Nc3 Ngf6 8. h3 Be7 9. Be2 dxc4 10. Nd2 Qd8 11. Nxc4 Nb6 12. Na5 Qd7 13. 0-0 0-0 14. Rd1 Nbd5 15. Bh2 Bd8 16. Nc4 Bc7 17. Ne5 Qe7 18. f3 Nd7 19. e4 Nxc3 20. Qxc3 Bg6 21. Kh1 Rac8 22. Rd2 Nxe5 23. Bxe5 f6 24. Bxc7 Rxc7 25. Qc5 a6 26. Qxe7 Rxe7 27. Kg1 Rd8 28. Rad1 Red7 29. Kf2 Kf8 30. Ke3 e5 31. Bc4 Ke7 32. b4 Bf7 33. Bxf7 Kxf7 34. g3 Ke6 35. dxe5 Rxd2 36. Rxd2 Rxd2 37. Kxd2 fxe5 38. f4 g6 39. Kc3 Kf6 40. h4 b6 41. Kc4 b5+ 42. Kd3 exf4 43. gxf4 1-0

[Event "Moscow-ch"]
[Site "Moscow"]
[Date "2002.??.??"]
[Round "1"]
[White "Najer, Evgeniy"]
[Black "Mitenkov, Alexey"]
[Result "1-0"]
[WhiteElo "2616"]
[BlackElo "2428"]
[PlyCount "82"]
[EventDate "2002.??.??"]
[EventType "k.o."]
[EventRounds "5"]
[EventCountry "RUS"]
[SourceTitle "EXT 2003"]
[Source "ChessBase"]
[SourceDate "2002.11.25"]
[SourceVersion "1"]
[SourceVersionDate "2002.11.25"]
[SourceQuality "1"]

1. e4 c5 2. Nf3 d6 3. d4 cxd4 4. Nxd4 Nf6 5. Nc3 a6 6. Be3 e5 7. Nb3 Be6 8. f3 Nc6 9. Nd5 Bxd5 10. exd5 Nb4 11. c4 a5 12. Qd2 b6 13. Be2 Be7 14. 0-0 0-0 15. f4 Ne4 16. Qd1 Bf6 17. Nd2 Nxd2 18. Qxd2 Re8 19. Kh1 exf4 20. Bxf4 Rc8 21. a3 Na6 22. Rae1 a4 23. Bg4 Rxc4 24. Rxe8+ Qxe8 25. Qe2 Re4 26. Qxa6 Bxb2 27. Bf5 Re1 28. Bxd6 g6 29. Bd3 Bd4 30. Bf4 Kg7 31. Qc4 Rxf1+ 32. Bxf1 Qe4 33. Bd2 Qe5 34. Qd3 f6 35. Qf3 Bc5 36. Bc3 Qd6 37. Bb2 Kf7 38. Qe4 Bxa3 39. Qe6+ Kf8 40. Bxa3 Qxa3 41. Qxf6+ Kg8 1-0

[Event "Moscow-ch"]
[Site "Moscow"]
[Date "1999.??.??"]
[Round "7"]
[White "Arkhangelsky, Boris Nikolaevich"]
[Black "Mitenkov, Alexey"]
[Result "0-1"]
[WhiteElo "2382"]
[BlackElo "2425"]
[PlyCount "57"]
[EventDate "1999.??.??"]
[EventType "swiss"]
[EventRounds "9"]
[EventCountry "RUS"]
[SourceTitle "EXT 2001"]
[Source "ChessBase"]
[SourceDate "2000.11.22"]
[SourceVersion "1"]
[SourceVersionDate "2000.11.22"]
[SourceQuality "1"]

1. d4 Nf6 2. c4 e6 3. Nf3 d5 4. Nc3 c6 5. e3 Nbd7 6. Bd3 dxc4 7. Bxc4 b5 8. Bd3 a6 9. e4 c5 10. e5 cxd4 11. Nxb5 axb5 12. exf6 gxf6 13. 0-0 Qb6 14. Be4 Bb7 15. Bxb7 Qxb7 16. Nxd4 Bc5 17. Qf3 Qxf3 18. Nxf3 Ke7 19. Re1 Rhc8 20. Be3 Bxe3 21. Rxe3 Rc2 22. Rb3 Rxa2 23. Rb1 Nc5 24. Rxb5 Nd3 25. Ne1 Rcxb2 26. R1xb2 Rxb2 27. Rxb2 Nxb2 28. Kf1 f5 29. Ke2 0-1

[Event "Moscow-ch"]
[Site "Moscow"]
[Date "1999.??.??"]
[Round "1"]
[White "Dukhin, Jokhan"]
[Black "Mitenkov, Alexey"]
[Result "1/2-1/2"]
[WhiteElo "2131"]
[BlackElo "2425"]
[PlyCount "80"]
[EventDate "1999.??.??"]
[EventType "swiss"]
[EventRounds "9"]
[EventCountry "RUS"]
[SourceTitle "EXT 2001"]
[Source "ChessBase"]
[SourceDate "2000.11.22"]
[SourceVersion "1"]
[SourceVersionDate "2000.11.22"]
[SourceQuality "1"]

1. e4 c5 2. Nf3 d6 3. d4 cxd4 4. Qxd4 Nc6 5. Bb5 Bd7 6. Bxc6 Bxc6 7. Nc3 Nf6 8. Bg5 e6 9. 0-0-0 Be7 10. Rhe1 0-0 11. Kb1 h6 12. Bh4 Re8 13. Qd2 Rc8 14. Bg3 d5 15. e5 Ne4 16. Nxe4 dxe4 17. Qxd8 Rexd8 18. Nd4 Be8 19. c3 b5 20. Rxe4 b4 21. Re3 Rc4 22. Red3 bxc3 23. bxc3 Rb8+ 24. Nb3 Bb5 25. Ka1 Ra4 26. R3d2 Bc4 27. Nd4 Rb6 28. Rb1 Rba6 29. Rbb2 Ra3 30. Rdc2 Bc5 31. Nb5 R3a5 32. Nd6 Bd5 33. Nb7 Ba3 34. Nxa5 Bxb2+ 35. Rxb2 Rxa5 36. f3 g5 37. Bf2 Kg7 38. Bd4 Kg6 39. Rc2 Bb3 40. Rb2 Bc4 1/2-1/2

[Event "Moscow-ch"]
[Site "Moscow"]
[Date "1999.??.??"]
[Round "4"]
[White "Mitenkov, Alexey"]
[Black "Alagulian, Kamo"]
[Result "1-0"]
[WhiteElo "2425"]
[BlackElo "2171"]
[PlyCount "65"]
[EventDate "1999.??.??"]
[EventType "swiss"]
[EventRounds "9"]
[EventCountry "RUS"]
[SourceTitle "EXT 2001"]
[Source "ChessBase"]
[SourceDate "2000.11.22"]
[SourceVersion "1"]
[SourceVersionDate "2000.11.22"]
[SourceQuality "1"]

1. d4 Nf6 2. c4 c5 3. d5 e6 4. Nc3 exd5 5. cxd5 d6 6. e4 g6 7. h3 Bg7 8. Nf3 0-0 9. Bd3 a6 10. a4 Nbd7 11. 0-0 Qe7 12. Re1 h6 13. Be3 Rb8 14. Qd2 g5 15. Rad1 Kh8 16. e5 Nxe5 17. Nxe5 dxe5 18. Bb1 Qd6 19. h4 gxh4 20. Bxh6 Rg8 21. Qg5 Nh7 22. Bxh7 Kxh7 23. Bxg7 Rxg7 24. Qxh4+ Kg8 25. Ne4 Qg6 26. Qd8+ Kh7 27. Nf6+ Kh6 28. Qh8+ Kg5 29. Ne4+ Kf5 30. Ng3+ Kg5 31. Rxe5+ Kf6 32. Rde1 Bg4 33. Qxb8 1-0

[Event "Moscow-ch op"]
[Site "Moscow"]
[Date "1998.??.??"]
[Round "3"]
[White "Mitenkov, Alexey"]
[Black "Bagirov, Rufat"]
[Result "1-0"]
[WhiteElo "2435"]
[BlackElo "2325"]
[PlyCount "61"]
[EventDate "1998.??.??"]
[EventType "swiss"]
[EventRounds "9"]
[EventCountry "RUS"]
[SourceTitle "EXT 2000"]
[Source "ChessBase"]
[SourceDate "1999.11.16"]
[SourceVersion "1"]
[SourceVersionDate "1999.11.16"]
[SourceQuality "1"]

1. d4 Nf6 2. c4 g6 3. Nc3 d5 4. cxd5 Nxd5 5. e4 Nxc3 6. bxc3 Bg7 7. Nf3 0-0 8. Be2 c5 9. Rb1 Nc6 10. d5 Ne5 11. Nxe5 Bxe5 12. Qd2 e6 13. f4 Bc7 14. 0-0 exd5 15. exd5 Ba5 16. Rb5 b6 17. Bb2 Ba6 18. f5 Bxb5 19. f6 Bxe2 20. Qh6 Qxf6 21. Rxf6 c4 22. Rf4 f5 23. Rh4 Rf7 24. Qe3 Bd3 25. Qe6 f4 26. Rxh7 Raf8 27. Rxf7 Rxf7 28. d6 b5 29. d7 Bf5 30. Qe8+ Rf8 31. Ba3 1-0

[Event "Moscow-ch op"]
[Site "Moscow"]
[Date "1998.??.??"]
[Round "4"]
[White "Mitenkov, Alexey"]
[Black "Dragomarezkij, Evgeni"]
[Result "1/2-1/2"]
[WhiteElo "2435"]
[BlackElo "2490"]
[PlyCount "93"]
[EventDate "1998.??.??"]
[EventType "swiss"]
[EventRounds "9"]
[EventCountry "RUS"]
[SourceTitle "EXT 2000"]
[Source "ChessBase"]
[SourceDate "1999.11.16"]
[SourceVersion "1"]
[SourceVersionDate "1999.11.16"]
[SourceQuality "1"]

1. c4 c6 2. d4 d5 3. Nf3 Nf6 4. Nc3 e6 5. Bg5 Nbd7 6. cxd5 cxd5 7. e3 Be7 8. Bd3 0-0 9. 0-0 Ne8 10. Bxe7 Qxe7 11. Rc1 Ndf6 12. Qb3 Nd6 13. Nb5 Bd7 14. Nxd6 Qxd6 15. Ne5 Bc6 16. Rc3 Rfc8 17. Rfc1 g6 18. h3 Nd7 19. Nxc6 bxc6 20. Qa4 Nb6 21. Qc2 e5 22. dxe5 Qxe5 23. Ba6 Rc7 24. b3 d4 25. exd4 Qa5 26. Bc4 Rd8 27. Rd1 Rcd7 28. Rcd3 Qb4 29. Qd2 a5 30. Qxb4 axb4 31. R3d2 Nxc4 32. bxc4 Ra8 33. Rb1 c5 34. d5 Kf8 35. d6 Ra6 36. Rbd1 Ke8 37. Rd5 Rc6 38. Kh2 Ra7 39. Re1+ Kd8 40. Re2 Rd7 41. Red2 Ra7 42. Re5 Rd7 43. Kg3 Rcxd6 44. Rxd6 Rxd6 45. Rxc5 Rd3+ 46. f3 Rc3 47. Ra5 1/2-1/2

[Event "Moscow-ch op"]
[Site "Moscow"]
[Date "1998.??.??"]
[Round "1"]
[White "Mitenkov, Alexey"]
[Black "Khamidulin, Viacheslav"]
[Result "1-0"]
[WhiteElo "2435"]
[BlackElo "2245"]
[PlyCount "113"]
[EventDate "1998.??.??"]
[EventType "swiss"]
[EventRounds "9"]
[EventCountry "RUS"]
[SourceTitle "EXT 2000"]
[Source "ChessBase"]
[SourceDate "1999.11.16"]
[SourceVersion "1"]
[SourceVersionDate "1999.11.16"]
[SourceQuality "1"]

1. d4 Nf6 2. c4 c5 3. d5 e6 4. Nc3 exd5 5. cxd5 d6 6. e4 g6 7. Nf3 Bg7 8. h3 0-0 9. Bd3 Re8 10. 0-0 c4 11. Bc2 b5 12. a3 a6 13. Bf4 Ra7 14. Qd2 Rae7 15. Rae1 Bb7 16. Kh1 Qb6 17. Be3 Qd8 18. Bh6 Nbd7 19. Bxg7 Kxg7 20. Nd4 Qb6 21. Re3 Kh8 22. Rfe1 Nc5 23. Nf3 Nfd7 24. Nh2 Ne5 25. Ng4 Nxg4 26. hxg4 f6 27. Rh3 Bc8 28. Qh6 Kg8 29. Ree3 Nd3 30. Bxd3 cxd3 31. Qf4 a5 32. b4 axb4 33. axb4 Qd4 34. Rxd3 Qxb4 35. Rhf3 Rf7 36. Rde3 g5 37. Qg3 Re5 38. Re1 Qc4 39. Rfe3 Rfe7 40. f3 b4 41. Nb1 Qd4 42. Qf2 Rc7 43. Qa2 Bd7 44. Rb3 h5 45. gxh5 g4 46. fxg4 Bxg4 47. Rbe3 Rxh5+ 48. Kg1 f5 49. Qa8+ Kf7 50. Qd8 Qc5 51. exf5 Rxf5 52. Kh2 Rxd5 53. Re7+ Rxe7 54. Rxe7+ Kg6 55. Qg8+ Kf5 56. Qf8+ Kg5 57. Rg7+ 1-0

[Event "RUS-Cup02"]
[Site "Moscow"]
[Date "1998.??.??"]
[Round "7"]
[White "Morozevich, Alexander"]
[Black "Mitenkov, Alexey"]
[Result "1-0"]
[WhiteElo "2590"]
[BlackElo "2435"]
[PlyCount "75"]
[EventDate "1998.01.21"]
[EventType "swiss"]
[EventRounds "9"]
[EventCountry "RUS"]
[SourceTitle "EXT 1999"]
[Source "ChessBase"]
[SourceDate "1998.11.16"]
[SourceVersion "1"]
[SourceVersionDate "1998.11.16"]
[SourceQuality "1"]

1. Nf3 Nf6 2. g3 d5 3. Bg2 e6 4. 0-0 Be7 5. d3 c5 6. Nbd2 Nc6 7. e4 b6 8. Re1 Bb7 9. c3 Qc7 10. Nf1 dxe4 11. dxe4 Rd8 12. Qe2 0-0 13. e5 Nd7 14. Bf4 a6 15. Ne3 b5 16. Ng4 Qc8 17. h4 Rfe8 18. Ng5 Nf8 19. h5 h6 20. Ne4 Nh7 21. Qe3 Rd5 22. Nd2 Rd7 23. Bxh6 gxh6 24. Ne4 f5 25. exf6 Bf8 26. Nxh6+ Bxh6 27. Qxh6 Rf8 28. Nd6 Qc7 29. Qg6+ Kh8 30. Nxb7 Ne5 31. Qe4 Nd3 32. Re2 Nxf6 33. Qxe6 Rg7 34. h6 Rd7 35. a4 c4 36. axb5 axb5 37. Bc6 Rh7 38. Qxf6+ 1-0

[Event "Moscow-ch"]
[Site "Moscow"]
[Date "1997.??.??"]
[Round "4"]
[White "Mitenkov, Alexey"]
[Black "Balashov, Yuri S"]
[Result "1/2-1/2"]
[WhiteElo "2450"]
[BlackElo "2510"]
[PlyCount "27"]
[EventDate "1997.??.??"]
[EventType "swiss"]
[EventRounds "9"]
[EventCountry "RUS"]
[SourceTitle "EXT 2000"]
[Source "ChessBase"]
[SourceDate "1999.11.16"]
[SourceVersion "1"]
[SourceVersionDate "1999.11.16"]
[SourceQuality "1"]

1. d4 Nf6 2. c4 e6 3. Nf3 b6 4. g3 Bb7 5. Bg2 Be7 6. Nc3 Ne4 7. Bd2 0-0 8. Qc2 Nxd2 9. Qxd2 d6 10. 0-0 Nd7 11. Qc2 g6 12. e4 c5 13. d5 exd5 14. Nxd5 1/2-1/2

[Event "Moscow-ch"]
[Site "Moscow"]
[Date "1997.??.??"]
[Round "7"]
[White "Mitenkov, Alexey"]
[Black "Kornev, Alexei"]
[Result "1/2-1/2"]
[WhiteElo "2450"]
[BlackElo "2380"]
[PlyCount "142"]
[EventDate "1997.??.??"]
[EventType "swiss"]
[EventRounds "9"]
[EventCountry "RUS"]
[SourceTitle "EXT 2000"]
[Source "ChessBase"]
[SourceDate "1999.11.16"]
[SourceVersion "1"]
[SourceVersionDate "1999.11.16"]
[SourceQuality "1"]

1. d4 f5 2. g3 Nf6 3. Bg2 d6 4. Nf3 g6 5. c4 Bg7 6. Nc3 0-0 7. 0-0 Nc6 8. d5 Na5 9. Qd3 c5 10. Ng5 Rb8 11. Bd2 a6 12. b3 Bd7 13. Rac1 b5 14. Ne6 Bxe6 15. dxe6 bxc4 16. bxc4 Qc8 17. Rb1 Nc6 18. Rxb8 Nxb8 19. Rb1 Qxe6 20. Rb7 Kh8 21. Nd5 Nbd7 22. Bc3 Ne5 23. Bxe5 Qxe5 24. Nxe7 Re8 25. Nd5 Qxe2 26. Qxe2 Rxe2 27. Bf3 Re1+ 28. Kg2 g5 29. Nxf6 Bxf6 30. Rf7 Bd4 31. Rxf5 Ra1 32. Rxg5 Rxa2 33. Bd5 Rxf2+ 34. Kh3 Rf8 35. Rg4 Be5 36. Re4 Re8 37. Re3 Re7 38. Ra3 Ra7 39. Kg4 a5 40. Kf5 Kg7 41. h3 Bb2 42. Ra4 Bc3 43. Ke6 Ra6 44. g4 h6 45. h4 Be1 46. h5 Bb4 47. Be4 d5+ 48. Kxd5 Kf6 49. Bf5 Ke7 50. Ke5 Bc3+ 51. Ke4 Rd6 52. Ra3 Rd4+ 53. Kf3 Bd2 54. Rd3 Kd6 55. Kf2 Bg5 56. Ra3 Rxc4 57. Rxa5 Ke5 58. Ra6 Rb4 59. Re6+ Kd5 60. Re8 c4 61. Rc8 Kd4 62. Rc7 Rb2+ 63. Kf3 Rb3+ 64. Kg2 Re3 65. Kf2 Re8 66. Rd7+ Kc3 67. Rc7 Rd8 68. Rc6 Rd4 69. Be6 Re4 70. Bf5 Rd4 71. Kf3 Kb4 1/2-1/2

[Event "Moscow-ch"]
[Site "Moscow"]
[Date "1996.??.??"]
[Round "5"]
[White "Mitenkov, Alexey"]
[Black "Hait, Alexander"]
[Result "1/2-1/2"]
[WhiteElo "2470"]
[BlackElo "2360"]
[PlyCount "60"]
[EventDate "1996.08.??"]
[EventType "swiss"]
[EventRounds "11"]
[EventCountry "RUS"]
[SourceTitle "CBM 055 Extra"]
[Source "ChessBase"]
[SourceDate "1997.01.01"]
[SourceVersion "1"]
[SourceVersionDate "1997.01.01"]
[SourceQuality "1"]

1. d4 Nf6 2. c4 g6 3. Nc3 Bg7 4. e4 d6 5. Be2 0-0 6. Nf3 e5 7. 0-0 Nc6 8. dxe5 dxe5 9. Bg5 Bg4 10. Qxd8 Nxd8 11. Bxf6 Bxf6 12. Nd5 Bxf3 13. gxf3 Bg5 14. Nxc7 Rc8 15. Nd5 Ne6 16. Kg2 f5 17. exf5 gxf5 18. b3 Rc6 19. Bd3 Nf4+ 20. Nxf4 Bxf4 21. Rg1 Kf7 22. Rad1 Rg6+ 23. Kh1 Rxg1+ 24. Kxg1 Rd8 25. h3 e4 26. Bc2 Rxd1+ 27. Bxd1 e3 28. fxe3 Bxe3+ 29. Kf1 Bc5 30. Ke2 Kf6 1/2-1/2

[Event "Moscow-B"]
[Site "Moscow"]
[Date "1996.??.??"]
[Round "?"]
[White "Mitenkov, Alexey"]
[Black "Lopushnoy, Denis"]
[Result "1-0"]
[WhiteElo "2445"]
[BlackElo "2210"]
[PlyCount "109"]
[EventDate "1996.??.??"]
[EventType "tourn"]
[EventRounds "11"]
[EventCountry "RUS"]
[SourceTitle "EXT 1998"]
[Source "ChessBase"]
[SourceDate "1997.11.17"]
[SourceVersion "1"]
[SourceVersionDate "1997.11.17"]
[SourceQuality "1"]

1. d4 d5 2. c4 e6 3. Nf3 Nf6 4. Nc3 Bb4 5. cxd5 exd5 6. Bg5 Qd6 7. Nd2 c6 8. e3 0-0 9. Bd3 Re8 10. 0-0 Nbd7 11. Qf3 Nf8 12. Bxf6 Qxf6 13. Qxf6 gxf6 14. Rfc1 Bd6 15. Rab1 Be6 16. Nb3 f5 17. g3 b6 18. Nd2 Ng6 19. Nf3 Kg7 20. Rc2 Ne7 21. Rbc1 a5 22. Na4 Rab8 23. Bf1 Bd7 24. Nc3 Rb7 25. Bg2 Rbb8 26. Ne1 Ng6 27. Nd3 Ne7 28. a3 Ra8 29. Na4 Reb8 30. Rd2 Be6 31. Bf3 Ra7 32. Bd1 Raa8 33. Kg2 Ra7 34. b4 axb4 35. axb4 b5 36. Nac5 Rba8 37. Ne5 Bxe5 38. dxe5 Ra3 39. Rb2 Bc8 40. Nb3 Ra2 41. Rxa2 Rxa2 42. Nd4 Bd7 43. Rc2 Ra4 44. Rb2 Ra3 45. Bb3 Ng6 46. f4 Kf8 47. Ra2 Rxa2+ 48. Bxa2 Ke7 49. Kf2 f6 50. e6 Be8 51. Bb1 Nf8 52. Bxf5 Kd6 53. Ke1 c5 54. bxc5+ Kxc5 55. Bd3 1-0